000 00305nam a22001337a 4500
008 170720b xxu||||| |||| 00| 0 eng d
020 _a9780791421246
041 _aeng
080 _a2
100 _a24
101 _aTEO
245 _aRELIGIOUS PLURASISM AND TRUTH ESSAYS ON
_cDEAN, TH
942 _2udc
_cBK
999 _c21658
_d21658